00341nam a2200133Ia 4500008004100000041000800041082001700049100001500066245004000081250000700121260003600128300003200164365001100196240624s9999 xx 000 0 und d aeng a303.4834 MIK aMIKA PETER aSOCIAL NETWORK AND THE SEMANTIC WEB a11 c2007aNew DelhibSpringer India axiii, : 234 : p. : cm. ; 22 cRSb30